000 00493nam a2200181Ia 4500
005 20250326123551.0
008 250326s9999 xx 000 0 und d
037 _aTextbook
040 _aFMSL
_beng
_cFMSL
041 _aeng
_2eng
084 _aB2893P K8
_qFMSL
100 _aCalman R F
_9735496
245 0 _aLinear programming and cash management
_cCalman R F
260 _aUSA
_bUSA, M I T
_c1968
300 _a154p
942 _cTB
_hB2893P K8
999 _c1269953
_d1269953